000 00469nmm a2200157Ia 4500
008 251105s9999||||xx |||||||||||||||||und||
020 _a9788496582347
041 _aspa
100 _aGorostiza, Jorge
245 0 _aLa profundidad de la pantalla :
_b Arquitectura & cine
264 _a[Madrid, España] :
_bOcho y Medio,
_c2007
300 _a316 páginas
650 _aArchitecture & Sculpture
856 _uhttps://public.digitaliapublishing.com/a/410
942 _cCF
999 _c90006
_d90006